LEADER 01138nam a2200241 i 4500 001 000000063710 003 CaOOAMICUS 005 20130328000000.0 008 130328s1969 it u000 u ita u 013 $a34882 040 $aSeMil$bita 100 1 $aEnd, Thomas : van den.$0(OLS)http://semarc/name/32203 245 10$aPaolo Geymonat :$be il movimento evangelico in Italia nella seconda metą del secolo 19. /$cThomas van den End. 260 $aTorino :$bClaudiana,$c1969. 300 $a354 p. ;$c24 cm. 490 0 $aCollana della Facoltą valdese di teologia di Roma ;$v9 500 $aContiene : Appendici ; Bibliografia ; Samenvatting ; Summary. 650 4$aProtestantesimo.$0(OLS)http://semarc/subject/936 830 0$aCollana della Facoltą valdese di teologia di Roma ;$v9.$0(OLS)http://semarc/title/6094 850 $aSeMil 852 $aSeMil$W1$xVenegono$y1$m2M III 222$j29863$B29863$CSeMilBibl$Z2$F29866 $81 996 $6245$aPaolo Geymonat :$be il movimento evangelico in Italia nella seconda metą del secolo 19.$9(OLS)http://semarc/title/100719 996 $6260$aTorino :$bClaudiana$9(OLS)http://semarc/publisher/29837 LEADER 01748nam a2200277 i 4500 001 000000077842 003 CaOOAMICUS 005 20220329115521.0 008 161215s1641 it u000 u ita u 013 $a50079 026 $anoil o.e, n-to alGi (3) 1641 (A) 040 $aSeMil$bita 100 1 $aMorigia, Paolo,$d<1525-1604>.$0(OLS)http://semarc/name/38237 245 10$aSantuario della cittą e diocesi di Milano. Nel qual si contiene il numero, e nome de tutt'i corpi santi, teste, e reliquie, che sono in tutte le chiese della cittą, di porta in porta, & in quelle della diocesi ... Il tutto raccolto con diligenza dal R.P.F. Paolo Morigi milanese, Giesuato .. 264 1$aIn Milano :$bper Gio: Pietro Cardi : ad istanza di Gio: Battista Bidelli,$c1641. 300 $a[24], 247, [1] p. ;$c16°. 500 $aFinalini, iniz. xilogr. 500 $aCoperta, front. e p. 1 strappate ma presenti 500 $aSegn.: §8 2§4 A-P8 Q4 700 1 $aBidelli, Giovanni Battista$b<1,$cEditore,$d1610-1654>.$0(OLS)http://semarc/name/11300 710 0 $aCardi, Giovanni Pietro$c.$0(OLS)http://semarc/name/38238 850 $aSeMil 852 $aSeMil$W1$xVenegono$y1$m2ZB VII 4 FA$j43927$B43927$CSeMilBibl$Z2$F45438 $8I 996 $6245$aSantuario della cittą e diocesi di Milano. Nel qual si contiene il numero, e nome de tutt'i corpi santi, teste, e reliquie, che sono in tutte le chiese della cittą, di porta in porta, & in quelle della diocesi ... Il tutto raccolto con diligenza dal R.P.F. Paolo Morigi milanese, Giesuato ..$9(OLS)http://semarc/title/126354 996 $6264$aIn Milano :$bper Gio: Pietro Cardi : ad istanza di Gio: Battista Bidelli$9(OLS)http://semarc/publisher/60364